00945nam a2200241 a 450000100060000000300080000600500170001400800410003103500190007204000390009104100080013008200240013810000180016224501740018026000340035430000260038865000310041465000420044570000450048794200120053299900170054495201420056173880BD-RjUL20211209082446.0170613s1899 enk 000 0 eng d a(BD-RjUL)74098 aQCLcQCLdOCLCGdAU@dBD-RjULbeng1 aeng 223a891.5bSAG 18991 aSa'di921879214aThe Gulistan :bbeing the Rose-garden of Shaikh Saʿdi : the first four babs or 'gateways' /cSa'di ; translated from the Persian in prose and verse by Sir Edwin Arnold. aLondon :bT. Burleigh,c1899. axvi, 220 p. ;c18 cm. aPersian literature9218793 aReligious literature, Persian92187941 aArnold, Edwin,cSir,d1832-1904.9218795 2ddccBK c73880d73880 00102ddc40718NFICaRUCLbRUCLcReadingd1966-10-06eA. G. Quraishig9.60l0o891.5 SAG 1899r2017-06-13 00:00:00tC-1w2017-06-13yBK